000
00242 a2200097 4500
100
_a
DAvis B. Goron
245
_a
Character Building and Leader ship (252)
260
_a
Islamabad
_b
_c
1994
090
_c
22540
_d
22540
942
_a
NUST-CAE
_c
_c
13937
999
_c
400366
_d
400366